zpět

Detail výsledku týmu

Třiadvacítka, Mělník

Datum a čas kvízu

22 Celkem bodů Celkový počet nahraných bodů na tomto kvízu bez doplňovacích otázek.
8. Pořadí na kvízu Konečné umístění týmu na tomto kvízu.

Zaznamenané odpovědi

# Otázka Odpověď Body Výsledky
1. Jak se jmenuje tento muž, kter... Igor Červený 0
2. Ve čtvrtek obletěla svět zpráv... měl narozeniny 0
3. Malý makak jménem Punch, který... plyšáka 1
4. Designér Nik Bentel vytvořil v... nákupní košík 0
5. Italskému akrobatickému piloto... z vlaku 1
6. Zimní olympiádu v Itálii máme... Alberto Tomba 1
7. Vyberte nepravdivé tvrzení o t... A 0
8. Ačkoliv vyhrála zlato a stanov... rychlobruslení 1
9. Seřaďte české olympioniky podl... 1B 2A 3D 4C 0
10. Do ženské kvalifikace týmového... Nazgul 0